Architecture In The Twentieth Century. (Record no. 9361)

MARC details
000 -LEADER
fixed length control field 00453nam a2200169Ia 4500
008 - FIXED-LENGTH DATA ELEMENTS--GENERAL INFORMATION
fixed length control field 220803s9999 xx 000 0 und d
020 ## - INTERNATIONAL STANDARD BOOK NUMBER
International Standard Book Number 3-8228-0550-5
041 ## - LANGUAGE CODE
Language code of text/sound track or separate title eng
082 ## - DEWEY DECIMAL CLASSIFICATION NUMBER
Classification number 720.9 GOS/LEU
100 ## - MAIN ENTRY--PERSONAL NAME
Personal name Gossel P
9 (RLIN) 11249
245 ## - TITLE STATEMENT
Title Architecture In The Twentieth Century.
260 ## - PUBLICATION, DISTRIBUTION, ETC. (IMPRINT)
Place of publication, distribution, etc. Berlin
Name of publisher, distributor, etc. Benedikt Taschen
Date of publication, distribution, etc. 1991
300 ## - PHYSICAL DESCRIPTION
Extent 432p
500 ## - GENERAL NOTE
Keywords Architecture
650 ## - SUBJECT ADDED ENTRY--TOPICAL TERM
Topical term or geographic name as entry element History Of Architecture
9 (RLIN) 11250
700 ## - ADDED ENTRY--PERSONAL NAME
Personal name Leuthauser G
9 (RLIN) 11251
Holdings
Withdrawn status Lost status Damaged status Not for loan Collection code Home library Current library Shelving location Date acquired Vendor Cost, normal purchase price Full call number Barcode Date last seen Cost, replacement price Bill Date Koha item type Original Barcode Total Checkouts
        Book of B Arch Dr. Bhanuben Nanavati College of Architecture Dr. Bhanuben Nanavati College of Architecture   07/04/1996 Veena Book Centre 2480.00 720.9 GOS/LEU BNCA-BK-1039 03/08/2022 2479.50 07/04/1996 Reference book B001039  
        Book of B Arch Dr. Bhanuben Nanavati College of Architecture Dr. Bhanuben Nanavati College of Architecture   12/01/2000 Satish Book Distributers 969.00 720.9 GOS/LEU BNCA-BK-2860 03/08/2022 1140.00 15/09/1999 Books B002860